[Event "EU-Cup 39th"]
[Site "Vrnjacka Banja"]
[Date "2024.10.26"]
[Round "7.34"]
[White "Grand, Hans Henrik"]
[Black "Oliinyk, Serafym"]
[Result "1/2-1/2"]
[WhiteElo "2134"]
[BlackElo "2164"]
[PlyCount "61"]
[EventDate "2024.10.20"]
[EventType "team-swiss"]
[EventRounds "7"]
[EventCountry "SRB"]
[SourceTitle "CB45_2024"]
[Source "ChessBase"]
[SourceDate "2024.11.06"]
[SourceVersion "1"]
[SourceVersionDate "2024.11.06"]
[SourceQuality "1"]
[WhiteTeam "Aarhus Skolerne"]
[BlackTeam "Belgrade Radnicki"]
[WhiteTeamCountry "DEN"]
[BlackTeamCountry "SRB"]

1. c4 e6 2. Nf3 d5 3. b3 Nf6 4. Bb2 Be7 5. g3 0-0 6. Bg2 b6 7. 0-0 Bb7 8. d4 dxc4 9. bxc4 Nbd7 10. Nbd2 c5 11. e3 Qc7 12. a4 Ne4 13. a5 Nxd2 14. Nxd2 Bxg2 15. Kxg2 cxd4 16. exd4 Bb4 17. axb6 axb6 18. Rc1 Bxd2 19. Qxd2 b5 20. d5 bxc4 21. dxe6 Qc6+ 22. Kg1 fxe6 23. Qd4 Rf7 24. Qxc4 Qxc4 25. Rxc4 Nf6 26. Bxf6 gxf6 27. Re1 Re7 28. Rce4 Kf7 29. f4 Ra5 30. h3 h5 31. Kf2 1/2-1/2

[Event "EU-Cup 39th"]
[Site "Vrnjacka Banja"]
[Date "2024.10.24"]
[Round "5.4"]
[White "Oliinyk, Serafym"]
[Black "Grochal, Joey"]
[Result "1-0"]
[WhiteElo "2164"]
[BlackElo "2272"]
[PlyCount "89"]
[EventDate "2024.10.20"]
[EventType "team-swiss"]
[EventRounds "7"]
[EventCountry "SRB"]
[SourceTitle "CB44_2024"]
[Source "Chessbase"]
[SourceDate "2024.10.30"]
[SourceVersion "1"]
[SourceVersionDate "2024.10.30"]
[SourceQuality "1"]
[WhiteTeam "Belgrade Radnicki"]
[BlackTeam "Wachtebeke"]
[WhiteTeamCountry "SRB"]
[BlackTeamCountry "BEL"]

1. e4 c5 2. Nf3 Nc6 3. d4 cxd4 4. Nxd4 Nf6 5. Nc3 e6 6. Nxc6 bxc6 7. e5 Nd5 8. Ne4 Qc7 9. f4 Qb6 10. c4 Bb4+ 11. Ke2 f5 12. Nf2 Ba6 13. Kf3 Ne7 14. Be3 Bc5 15. Bxc5 Qxc5 16. Qd6 Qa5 17. h4 Rd8 18. Be2 Nc8 19. Qa3 Qxa3+ 20. bxa3 Nb6 21. Rhc1 Ke7 22. Rab1 Rb8 23. Rb3 c5 24. a4 Nxa4 25. Ra3 Bb7+ 26. Kg3 Bc6 27. Bf3 Bxf3 28. gxf3 Nb2 29. Rxa7 Rb4 30. Rc7 Rxc4 31. Rxc4 Nxc4 32. Nd3 Ra8 33. Nxc5 Nb6 34. Rb7 Rc8 35. Nxe6 Kxe6 36. Rxb6+ Ke7 37. Ra6 Rc2 38. a4 Ra2 39. h5 Ra1 40. h6 g6 41. a5 Rh1 42. Ra8 Rxh6 43. a6 Rh1 44. a7 Ra1 45. e6 1-0

[Event "Belgrade-chT Premier"]
[Site "Belgrade"]
[Date "2024.10.18"]
[Round "10.5"]
[White "Gvozdenovic, Milos"]
[Black "Oliinyk, Serafym"]
[Result "0-1"]
[WhiteElo "2005"]
[BlackElo "2164"]
[PlyCount "80"]
[EventDate "2024.10.09"]
[EventType "team-tourn"]
[EventRounds "11"]
[EventCountry "SRB"]
[SourceTitle "CB44_2024"]
[Source "Chessbase"]
[SourceDate "2024.10.30"]
[SourceVersion "1"]
[SourceVersionDate "2024.10.30"]
[SourceQuality "1"]
[WhiteTeam "Belgrade Partizan"]
[BlackTeam "Belgrade Zmaj II"]
[WhiteTeamCountry "SRB"]
[BlackTeamCountry "SRB"]

1. c4 d5 2. cxd5 Qxd5 3. Nc3 Qd6 4. d4 e5 5. dxe5 Qxd1+ 6. Kxd1 Be6 7. Nf3 Nc6 8. h3 0-0-0+ 9. Bd2 Nge7 10. e3 Ng6 11. Be2 Ngxe5 12. Nxe5 Nxe5 13. Kc2 Nc4 14. Be1 Be7 15. Rd1 Rxd1 16. Bxd1 Rd8 17. Be2 c6 18. g4 b5 19. Bd3 Nxb2 20. Be4 Nc4 21. Bxc6 a6 22. Nb1 Ne5 23. Be4 Bxa2 24. Bc3 f6 25. Bxh7 Bd5 26. Rc1 Kb7 27. g5 b4 28. Bxe5 fxe5 29. Kb2 Bxg5 30. Nd2 a5 31. Be4 Be7 32. Bc2 Kb6 33. Ba4 e4 34. Bc2 Bf6+ 35. Kb1 Ba2+ 36. Kxa2 Rxd2 37. Kb3 Kb5 38. Ka2 a4 39. Kb1 b3 40. Bxe4 Rb2+ 0-1

[Event "Belgrade-chT Premier"]
[Site "Belgrade"]
[Date "2024.10.14"]
[Round "6.5"]
[White "Vratonjic, Slobodan"]
[Black "Oliinyk, Serafym"]
[Result "0-1"]
[WhiteElo "2223"]
[BlackElo "2164"]
[PlyCount "92"]
[EventDate "2024.10.09"]
[EventType "team-tourn"]
[EventRounds "11"]
[EventCountry "SRB"]
[SourceTitle "CB44_2024"]
[Source "Chessbase"]
[SourceDate "2024.10.30"]
[SourceVersion "1"]
[SourceVersionDate "2024.10.30"]
[SourceQuality "1"]
[WhiteTeam "Belgrade Turbina"]
[BlackTeam "Belgrade Zmaj II"]
[WhiteTeamCountry "SRB"]
[BlackTeamCountry "SRB"]

1. e4 e5 2. Bc4 Nc6 3. Nf3 Nf6 4. d3 Bc5 5. c3 d6 6. Bb3 0-0 7. Nbd2 a5 8. a4 Be6 9. h3 Bxb3 10. Qxb3 d5 11. 0-0 Qd7 12. Qb5 Ba7 13. Re1 Rfe8 14. Nf1 d4 15. Ng3 g6 16. Bg5 Qd6 17. Ne2 Nd7 18. cxd4 Nxd4 19. Nexd4 Bxd4 20. Nxd4 Qxd4 21. Be3 Qd6 22. Rac1 Reb8 23. Red1 c6 24. Qc4 b5 25. Qxc6 Qxc6 26. Rxc6 bxa4 27. Ra1 Rxb2 28. Rxa4 Rb4 29. Rxb4 axb4 30. Rc7 b3 31. Rb7 Rb8 32. Rxb8+ Nxb8 33. Bc1 Nd7 34. Kf1 Nc5 35. Ke2 Na4 36. Kd2 b2 37. Bxb2 Nxb2 38. Kc2 Na4 39. Kb3 Nc5+ 40. Kc4 Ne6 41. g3 f6 42. Kd5 Kf7 43. Kd6 g5 44. Kd5 Ke7 45. Kc6 h5 46. Kd5 Kf7 0-1

[Event "Titled Tuesday intern op 24th Sep Early"]
[Site "Chess.com INT"]
[Date "2024.09.24"]
[Round "4"]
[White "Baradaran Tamadon, Arian"]
[Black "Oliinyk, Serafym"]
[Result "1-0"]
[WhiteElo "2323"]
[BlackElo "2164"]
[PlyCount "145"]
[EventDate "2024.09.24"]
[EventType "swiss (blitz)"]
[EventRounds "11"]
[EventCountry "USA"]
[SourceTitle "EXT 2025"]
[Source "ChessBase"]
[SourceDate "2024.10.14"]
[SourceVersion "1"]
[SourceVersionDate "2024.10.14"]
[SourceQuality "1"]

1. b3 e5 2. Bb2 Nc6 3. e3 g6 4. Bb5 Bg7 5. f4 Nge7 6. Nf3 f6 7. fxe5 fxe5 8. 0-0 0-0 9. e4 h6 10. Nc3 d6 11. Qe1 Be6 12. Qg3 Nd4 13. Nxd4 exd4 14. Ne2 c6 15. Bc4 Bxc4 16. bxc4 Rxf1+ 17. Rxf1 d3 18. Bxg7 dxe2 19. Re1 Kxg7 20. Rxe2 Qb6+ 21. Kh1 Rf8 22. Re1 Qf2 23. Qc3+ Kh7 24. Rg1 Qe2 25. d3 Rf1 26. h3 Rxg1+ 27. Kxg1 Qe3+ 28. Kh1 Qc1+ 29. Kh2 Qf4+ 30. Kh1 Qe5 31. Qb3 Qa1+ 32. Kh2 Qe5+ 33. Kh1 b6 34. Qa4 a5 35. Qb3 Qa1+ 36. Kh2 Qe5+ 37. Kh1 Qa1+ 38. Kh2 Qe5+ 39. Kg1 Qc5+ 40. Kf1 Kg7 41. Qb2+ Kf7 42. Qh8 Qe3 43. Qb2 h5 44. Qb1 h4 45. Qb2 Ke6 46. a4 g5 47. c5 Qxc5 48. Qb3+ d5 49. Qb2 d4 50. Qb3+ Kd6 51. Qf7 Qe5 52. Ke2 Qe6 53. Qe8 Ng6 54. Qb8+ Kc5 55. Kd1 Nf4 56. Qf8+ Qd6 57. Qg7 Kb4 58. Qxg5 Kxa4 59. Qxh4 Kb4 60. Qe1+ Kb5 61. Qd2 a4 62. Qc1 a3 63. Qb1+ Ka6 64. Qb3 Ne6 65. g3 Nc7 66. Qa4+ Kb7 67. Qb3 Nb5 68. Qf7+ Qd7 69. Qxd7+ Ka6 70. Qf7 Nc3+ 71. Kd2 a2 72. Qc4+ Ka5 73. Qxc6 1-0

[Event "Titled Tuesday intern op 24th Sep Early"]
[Site "Chess.com INT"]
[Date "2024.09.24"]
[Round "1"]
[White "Maltsevskaya, Aleksandra"]
[Black "Oliinyk, Serafym"]
[Result "1/2-1/2"]
[WhiteElo "2404"]
[BlackElo "2164"]
[PlyCount "177"]
[EventDate "2024.09.24"]
[EventType "swiss (blitz)"]
[EventRounds "11"]
[EventCountry "USA"]
[SourceTitle "EXT 2025"]
[Source "ChessBase"]
[SourceDate "2024.10.14"]
[SourceVersion "1"]
[SourceVersionDate "2024.10.14"]
[SourceQuality "1"]

1. e4 c5 2. Nf3 d6 3. d4 cxd4 4. Nxd4 Nf6 5. Nc3 a6 6. g3 e5 7. Nb3 Be7 8. Bg2 0-0 9. 0-0 Nc6 10. h3 Be6 11. Nd5 Rc8 12. Be3 Bxd5 13. exd5 Na5 14. Nxa5 Qxa5 15. b3 b5 16. Qd3 Qc3 17. Rac1 Qxd3 18. cxd3 Nd7 19. d4 exd4 20. Bxd4 Bf6 21. Bxf6 Nxf6 22. Rc6 Rxc6 23. dxc6 Rc8 24. Rd1 d5 25. Bxd5 Nxd5 26. Rxd5 Kf8 27. c7 Rxc7 28. Rd6 Ra7 29. Rb6 Ke7 30. Kg2 Kd7 31. Rb8 Rc7 32. Rg8 g6 33. Rg7 Ke6 34. Rxh7 Rc2 35. a4 b4 36. Rh8 Rb2 37. Ra8 Rxb3 38. Rxa6+ Ke7 39. Rb6 Rb2 40. a5 Ra2 41. Rxb4 Rxa5 42. h4 Ra2 43. Kf3 Kf6 44. Ke3 Rc2 45. f3 Ra2 46. Kf4 Rf2 47. Rb6+ Kg7 48. Rb3 Ra2 49. Kg4 Ra4+ 50. f4 Ra1 51. h5 gxh5+ 52. Kxh5 Rh1+ 53. Kg5 Ra1 54. Rb5 Ra6 55. g4 Rg6+ 56. Kh5 Rh6+ 57. Kg5 Rg6+ 58. Kh4 Rh6+ 59. Kg3 Ra6 60. g5 f6 61. Kg4 fxg5 62. Kxg5 Rg6+ 63. Kf5 Rf6+ 64. Ke5 Ra6 65. Rb7+ Kf8 66. Rd7 Rb6 67. Kf5 Ra6 68. Kg5 Rb6 69. Ra7 Rc6 70. Kf5 Rb6 71. Ke5 Rb5+ 72. Ke6 Rb6+ 73. Kf5 Rb5+ 74. Kg6 Rb6+ 75. Kg5 Rb5+ 76. f5 Rb6 77. Ra1 Rc6 78. Re1 Rb6 79. f6 Rb2 80. Re4 Rg2+ 81. Kf5 Ra2 82. Re5 Ra3 83. Rc5 Ra2 84. Ke6 Re2+ 85. Re5 Ra2 86. Rb5 Re2+ 87. Re5 Ra2 88. Rb5 Re2+ 89. Re5 1/2-1/2

[Event "Titled Tuesday intern op 24th Sep Late"]
[Site "Chess.com INT"]
[Date "2024.09.24"]
[Round "7"]
[White "Oliinyk, Serafym"]
[Black "Moreira, Ronaldo Alonso"]
[Result "1-0"]
[WhiteElo "2164"]
[BlackElo "2088"]
[PlyCount "103"]
[EventDate "2024.09.24"]
[EventType "swiss (blitz)"]
[EventRounds "11"]
[EventCountry "USA"]
[SourceTitle "EXT 2025"]
[Source "ChessBase"]
[SourceDate "2024.10.14"]
[SourceVersion "1"]
[SourceVersionDate "2024.10.14"]
[SourceQuality "1"]

1. d4 Nf6 2. c4 e6 3. Nf3 d5 4. Bg5 Bb4+ 5. Nbd2 h6 6. Bxf6 Qxf6 7. Qa4+ Nc6 8. e3 0-0 9. a3 Bxd2+ 10. Nxd2 dxc4 11. Bxc4 e5 12. d5 Ne7 13. 0-0 Bf5 14. e4 Bc8 15. Be2 Ng6 16. g3 Bh3 17. Rfe1 Nh4 18. Qb3 Qg5 19. Qe3 Qxe3 20. fxe3 Ng2 21. Rec1 Nxe3 22. Rxc7 Rfc8 23. Rac1 Rxc7 24. Rxc7 Rc8 25. Rxc8+ Bxc8 26. Kf2 Ng4+ 27. Bxg4 Bxg4 28. Nc4 f6 29. Na5 Bc8 30. Nc4 Bd7 31. Ke3 Kf8 32. Kd2 Ke7 33. Kc3 Bb5 34. Ne3 g6 35. b3 Be2 36. a4 Bf3 37. Kd3 h5 38. Nc4 Kd7 39. h4 Bg2 40. Nd2 Kd6 41. Kc4 a6 42. Kb4 Bh3 43. Nc4+ Kc7 44. Kc5 Bf1 45. d6+ Kc8 46. Nb6+ Kd8 47. Kd5 Bg2 48. a5 f5 49. Kxe5 Bxe4 50. b4 Ke8 51. Kf6 Bd3 52. Ke6 1-0

[Event "Titled Tuesday intern op 24th Sep Late"]
[Site "Chess.com INT"]
[Date "2024.09.24"]
[Round "2"]
[White "Oliinyk, Serafym"]
[Black "Pozzari, Simone"]
[Result "1-0"]
[WhiteElo "2164"]
[BlackElo "2048"]
[PlyCount "55"]
[EventDate "2024.09.24"]
[EventType "swiss (blitz)"]
[EventRounds "11"]
[EventCountry "USA"]
[SourceTitle "EXT 2025"]
[Source "ChessBase"]
[SourceDate "2024.10.14"]
[SourceVersion "1"]
[SourceVersionDate "2024.10.14"]
[SourceQuality "1"]

1. d4 g6 2. c4 Bg7 3. Nc3 d6 4. e4 e5 5. Nf3 Bg4 6. d5 f5 7. h3 Bh5 8. exf5 gxf5 9. g4 fxg4 10. Ng5 Nf6 11. Ne6 Qe7 12. Bg5 Na6 13. hxg4 Bg6 14. Qf3 Nb4 15. Nxg7+ Qxg7 16. Qxf6 Qxf6 17. Bxf6 0-0 18. g5 Nc2+ 19. Kd2 Nxa1 20. Bd3 Bxd3 21. Kxd3 h6 22. Rxa1 hxg5 23. Ne4 Kf7 24. Rh1 Kg6 25. Bxg5 Rh8 26. Rg1 Rh3+ 27. Be3+ Kf7 28. Ng5+ 1-0

[Event "Wroclaw Anderssen Memorial op"]
[Site "Wroclaw"]
[Date "2024.08.15"]
[Round "6"]
[White "Kazmierowski, Tymon"]
[Black "Oliinyk, Serafym"]
[Result "0-1"]
[WhiteElo "2114"]
[BlackElo "2196"]
[PlyCount "46"]
[EventDate "2024.08.15"]
[EventType "swiss (blitz)"]
[EventRounds "9"]
[EventCountry "POL"]
[SourceTitle "CBM 221 Extra"]
[Source "ChessBase"]
[SourceDate "2024.09.30"]
[SourceVersion "1"]
[SourceVersionDate "2024.09.30"]
[SourceQuality "1"]

1. d4 d5 2. Nf3 Nf6 3. g3 e6 4. c4 Be7 5. Bg2 0-0 6. 0-0 dxc4 7. Qc2 b5 8. a4 Bb7 9. axb5 a6 10. bxa6 Nxa6 11. Qxc4 Bd5 12. Qc2 Nb4 13. Rxa8 Nxc2 14. Rxd8 Rxd8 15. e3 c5 16. dxc5 Bc4 17. Nd4 Bxf1 18. Bxf1 Bxc5 19. Nxc2 Rd1 20. Bd2 Rxb1 21. b4 Ne4 22. Bc3 Ba7 23. Na3 Nxc3 0-1

[Event "Wroclaw Anderssen Memorial op"]
[Site "Wroclaw"]
[Date "2024.08.15"]
[Round "3"]
[White "Oliinyk, Serafym"]
[Black "Alvarado, Carlos"]
[Result "1-0"]
[WhiteElo "2196"]
[BlackElo "2060"]
[PlyCount "101"]
[EventDate "2024.08.15"]
[EventType "swiss (blitz)"]
[EventRounds "9"]
[EventCountry "POL"]
[SourceTitle "CBM 221 Extra"]
[Source "ChessBase"]
[SourceDate "2024.09.30"]
[SourceVersion "1"]
[SourceVersionDate "2024.09.30"]
[SourceQuality "1"]

1. e4 c6 2. d4 d5 3. e5 Bf5 4. h4 h6 5. g4 Be4 6. f3 Bh7 7. e6 Qd6 8. exf7+ Kxf7 9. Bd3 Bxd3 10. Qxd3 e5 11. dxe5 Qxe5+ 12. Ne2 Nd7 13. Nbc3 Nc5 14. Qd1 Re8 15. 0-0 Qf6 16. h5 Bd6 17. Kg2 Qh4 18. Rh1 Qe7 19. Ng3 Bxg3 20. Kxg3 Nf6 21. Bf4 Ne6 22. Qd2 Qb4 23. a3 Qxf4+ 24. Qxf4 Nxf4 25. Kxf4 d4 26. Ne4 Nd5+ 27. Kg3 Re6 28. Rad1 Ne3 29. Rxd4 Nxc2 30. Rd7+ Kg8 31. Kf2 c5 32. Rc1 Nd4 33. Rxc5 Nc6 34. Rxb7 Kh7 35. Rc7 Nd4 36. Rxa7 Rf8 37. Ke3 Nxf3 38. Rf5 Rfe8 39. Kxf3 Rxe4 40. Kg3 Re3+ 41. Rf3 Re2 42. Rb7 Kg8 43. a4 R8e5 44. b4 Rb2 45. a5 Rb1 46. a6 Ra1 47. a7 Kh7 48. b5 Re4 49. b6 Rea4 50. Rb8 Rg1+ 51. Kf2 1-0

[Event "Wroclaw op-A"]
[Site "Wroclaw"]
[Date "2024.08.13"]
[Round "8"]
[White "Oliinyk, Serafym"]
[Black "Zabron, Maksym"]
[Result "1-0"]
[WhiteElo "2196"]
[BlackElo "2013"]
[PlyCount "45"]
[EventDate "2024.08.08"]
[EventType "swiss"]
[EventRounds "9"]
[EventCountry "POL"]
[SourceTitle "EXT 2025"]
[Source "ChessBase"]
[SourceDate "2024.10.14"]
[SourceVersion "1"]
[SourceVersionDate "2024.10.14"]
[SourceQuality "1"]

1. e4 c5 2. Nf3 e6 3. d4 cxd4 4. Nxd4 Nc6 5. Nc3 Qc7 6. Be3 a6 7. Qf3 d6 8. 0-0-0 Bd7 9. Qg3 b5 10. Bxb5 axb5 11. Ndxb5 Qa5 12. Nxd6+ Bxd6 13. Rxd6 Nf6 14. Qxg7 Ke7 15. Rxc6 Rhg8 16. Bc5+ Qxc5 17. Qxf6+ Kxf6 18. Rxc5 Rxg2 19. f4 Rag8 20. Rd1 Bc8 21. Rc7 Rf8 22. b4 Rxh2 23. b5 1-0

[Event "Wroclaw op-A"]
[Site "Wroclaw"]
[Date "2024.08.12"]
[Round "7"]
[White "Latacz, Grzegorz"]
[Black "Oliinyk, Serafym"]
[Result "1/2-1/2"]
[WhiteElo "1967"]
[BlackElo "2196"]
[PlyCount "42"]
[EventDate "2024.08.08"]
[EventType "swiss"]
[EventRounds "9"]
[EventCountry "POL"]
[SourceTitle "EXT 2025"]
[Source "ChessBase"]
[SourceDate "2024.10.14"]
[SourceVersion "1"]
[SourceVersionDate "2024.10.14"]
[SourceQuality "1"]

1. e4 e5 2. Nf3 Nc6 3. Bb5 a6 4. Ba4 Nf6 5. 0-0 Be7 6. Re1 b5 7. Bb3 d6 8. c3 0-0 9. h3 Nb8 10. d4 Nbd7 11. Bc2 Bb7 12. Nbd2 Re8 13. Nf1 Bf8 14. Ng3 a5 15. b3 b4 16. Bd2 exd4 17. cxb4 axb4 18. Nxd4 d5 19. exd5 Nb6 20. Rxe8 Qxe8 21. Ndf5 Bxd5 1/2-1/2

[Event "Belgrade Cup"]
[Site "Belgrade"]
[Date "2024.05.11"]
[Round "3.5"]
[White "Podinic, Bojan"]
[Black "Oliinyk, Serafym"]
[Result "0-1"]
[WhiteElo "2254"]
[BlackElo "2177"]
[PlyCount "80"]
[EventDate "2024.05.10"]
[EventType "team-tourn"]
[EventRounds "5"]
[EventCountry "SRB"]
[SourceTitle "CBM 220 Extra"]
[Source "ChessBase"]
[SourceDate "2024.07.31"]
[SourceVersion "1"]
[SourceVersionDate "2024.07.31"]
[SourceQuality "1"]
[WhiteTeam "Belgrade CC"]
[BlackTeam "Belgrade Zmaj II"]
[WhiteTeamCountry "SRB"]
[BlackTeamCountry "SRB"]

1. e4 e5 2. Nf3 Nc6 3. d4 exd4 4. Bc4 Nf6 5. e5 d5 6. Bb5 Ne4 7. Nxd4 Bd7 8. Bxc6 bxc6 9. 0-0 Bc5 10. f3 Ng5 11. f4 Ne4 12. Be3 Qb8 13. Nd2 Qxb2 14. Nxe4 dxe4 15. Qd2 Rd8 16. Nb3 Be6 17. Qf2 Bxe3 18. Qxe3 Bxb3 19. axb3 Qd4 20. Qxd4 Rxd4 21. Rfd1 Rxd1+ 22. Rxd1 f5 23. exf6 gxf6 24. f5 Rg8 25. Rd4 Rg4 26. g3 c5 27. Rc4 Kd7 28. Rxc5 Kd6 29. Ra5 e3 30. Ra6+ c6 31. Rxa7 Rd4 32. Ra8 Rd1+ 33. Kg2 Rd4 34. Ra7 Rd2+ 35. Kf3 Rxh2 36. Kxe3 Rxc2 37. Rxh7 Rc3+ 38. Kf4 Rxb3 39. Rf7 Rb4+ 40. Kf3 Ke5 0-1

[Event "Banja Luka op-A"]
[Site "Banja Luka"]
[Date "2024.04.28"]
[Round "5"]
[White "Jakovljevic, Vlado"]
[Black "Oliinyk, Serafym"]
[Result "1/2-1/2"]
[WhiteElo "2365"]
[BlackElo "2120"]
[PlyCount "61"]
[EventDate "2024.04.26"]
[EventType "swiss"]
[EventRounds "5"]
[EventCountry "BIH"]
[SourceTitle "CBM 220 Extra"]
[Source "ChessBase"]
[SourceDate "2024.07.31"]
[SourceVersion "1"]
[SourceVersionDate "2024.07.31"]
[SourceQuality "1"]

1. Nf3 d5 2. d4 Nf6 3. c4 e6 4. Nc3 Be7 5. Bg5 h6 6. Bh4 0-0 7. e3 Ne4 8. Bxe7 Qxe7 9. Qc2 Nxc3 10. Qxc3 Rd8 11. Rc1 c6 12. Bd3 dxc4 13. Bxc4 b6 14. 0-0 Bb7 15. Be2 Nd7 16. Rfd1 c5 17. Qa3 Kf8 18. dxc5 Nxc5 19. Rxd8+ Rxd8 20. b4 Bxf3 21. Bxf3 Nd3 22. Rd1 Ne5 23. Rxd8+ Qxd8 24. Qc3 Nxf3+ 25. gxf3 Qg5+ 26. Kf1 Qd5 27. Qc8+ Ke7 28. Qc7+ Qd7 29. Qc4 Qd1+ 30. Kg2 Qd5 31. Qc7+ 1/2-1/2

[Event "Banja Luka op-A"]
[Site "Banja Luka"]
[Date "2024.04.26"]
[Round "1"]
[White "Sredojevic, Ivan"]
[Black "Oliinyk, Serafym"]
[Result "1/2-1/2"]
[WhiteElo "2246"]
[BlackElo "2120"]
[PlyCount "188"]
[EventDate "2024.04.26"]
[EventType "swiss"]
[EventRounds "5"]
[EventCountry "BIH"]
[SourceTitle "CBM 220 Extra"]
[Source "ChessBase"]
[SourceDate "2024.07.31"]
[SourceVersion "1"]
[SourceVersionDate "2024.07.31"]
[SourceQuality "1"]

1. e4 e5 2. Nf3 Nc6 3. Bb5 Nf6 4. d3 Bc5 5. c3 0-0 6. 0-0 d6 7. Nbd2 Ne7 8. d4 exd4 9. cxd4 Bb6 10. Re1 c6 11. Bd3 Ng6 12. h3 Nh5 13. Nc4 Bc7 14. Ne3 Nhf4 15. Bc2 d5 16. exd5 cxd5 17. Ng4 f6 18. Ne3 Ne7 19. Bd2 Qd6 20. Rc1 g6 21. h4 Bd7 22. g3 Nh5 23. Bd3 Bb6 24. Qb3 a5 25. Ng2 Rfe8 26. Nf4 Nxf4 27. Bxf4 Qb4 28. Bc7 Ba7 29. Qc2 Nf5 30. a3 Qf8 31. Qb3 Bc6 32. Bxa5 Nxd4 33. Nxd4 Bxd4 34. Bb6 Be5 35. f4 Bd6 36. Bd4 Rxe1+ 37. Rxe1 Re8 38. Qc3 Re7 39. Kf2 Rxe1 40. Qxe1 Bc5 41. Qe3 Bxd4 42. Qxd4 Qd6 43. b4 Be8 44. Be2 Kg7 45. Bf3 Qa6 46. Bxd5 Qxa3 47. Bxb7 Bb5 48. Bf3 Qc1 49. Bg2 h5 50. Qc5 Qd2+ 51. Kg1 Qd7 52. Kh2 Ba4 53. Qd5 Qe8 54. f5 gxf5 55. Qxf5 Qe2 56. Qe4 Qb2 57. Qe7+ Kg6 58. Kh3 Bc2 59. Qe8+ Kg7 60. Qe7+ Kg6 61. Be4+ Bxe4 62. Qxe4+ Kh6 63. Qf5 Qa1 64. Qf4+ Kg6 65. Qe4+ Kh6 66. Qf3 Qb2 67. Qe3+ Kg6 68. Qd3+ Kh6 69. b5 Kg7 70. Qd7+ Kh6 71. Qc6 Qa1 72. b6 Qf1+ 73. Qg2 Qb5 74. b7 Kg7 75. Qf3 Qb1 76. Kh2 Qb2+ 77. Qg2 Qb5 78. Qe4 Qb2+ 79. Kh3 Qb5 80. Qf3 Qb1 81. g4 hxg4+ 82. Qxg4+ Kh7 83. Qf3 f5 84. h5 Qb5 85. Kh4 Qb4+ 86. Kg5 Qe7+ 87. Kxf5 Qd7+ 88. Kf4 Qd6+ 89. Kg4 Qb4+ 90. Kh3 Qb1 91. Qf7+ Kh8 92. Qf8+ Kh7 93. b8Q Qd3+ 94. Qg3 Qxg3+ 1/2-1/2